LEADER 02948nam 2200613Ia 450 001 9910457021703321 005 20200520144314.0 010 $a1-282-41772-X 010 $a9786612417726 010 $a0-313-05910-1 035 $a(CKB)2550000000002181 035 $a(EBL)494823 035 $a(OCoLC)61185103 035 $a(SSID)ssj0000366206 035 $a(PQKBManifestationID)11257993 035 $a(PQKBTitleCode)TC0000366206 035 $a(PQKBWorkID)10414960 035 $a(PQKB)10328617 035 $a(MiAaPQ)EBC494823 035 $a(Au-PeEL)EBL494823 035 $a(CaPaEBR)ebr10362957 035 $a(CaONFJC)MIL241772 035 $a(EXLCZ)992550000000002181 100 $a20020213d2003 uy 0 101 0 $aeng 135 $aur|n|---||||| 181 $ctxt 182 $cc 183 $acr 200 10$aStatistical handbook on infectious diseases$b[electronic resource] /$fSarah B. Watstein and John Jovanovic 210 $aWestport, CT $cGreenwood Press$d2003 215 $a1 online resource (348 p.) 300 $a"An Oryx book." 311 $a1-57356-375-7 320 $aIncludes bibliographical references and index. 327 $aContents; List of Tables; Preface; Introduction; A. Nationally Notifiable Diseases; B. Human Immunodeficiency Virus (HIV) and Acquired Immunodeficiency Syndrome (AIDS); C. Malaria; D. Sexually Transmitted Diseases; E. Tuberculosis; F. Foodborne Diseases; G. Waterborne Diseases; H. Infectious Disease Worldwide: Present Issues, Emerging Concerns; I. Vaccine-Preventable Diseases; J. Infectious Disease Elimination and Eradication; K. Bioterrorism and Biological Warfare; Appendix: World Health Organization (WHO) Regions; Glossary; Bibliography; Index 330 $aThis statistical handbook is designed to offer students, researchers, practitioners, and the general adult population a comprehensive statistical overview of the status of infectious disease worldwide. The availability of this information has increased dramatically on the Internet, yet the data are often too extensive, hard to find, or difficult to interpret. A carefully selected array of tables and charts present authoritative statistical information, placing valuable statistics into context with introductory text.||Detailed source information in each table, figure, and chart allows the user 606 $aCommunicable diseases$xStatistics$vHandbooks, manuals, etc 606 $aEpidemiology$vHandbooks, manuals, etc 608 $aElectronic books. 615 0$aCommunicable diseases$xStatistics 615 0$aEpidemiology 676 $a614 676 $a614.5021 676 $a614/.07/27 700 $aWatstein$b Sarah$0883436 701 $aJovanovic$b John$0883437 801 0$bMiAaPQ 801 1$bMiAaPQ 801 2$bMiAaPQ 906 $aBOOK 912 $a9910457021703321 996 $aStatistical handbook on infectious diseases$91973216 997 $aUNINA LEADER 01823nam a2200337 i 4500 001 991000846809707536 008 050222s2001 it b 000 0 ita d 020 $a8882321819 035 $ab13281963-39ule_inst 040 $aDip.to Studi Giuridici$bita 082 0 $a519.5$221 082 0 $a378 084 $aAMS 62-00 100 1 $aProtopapa, Stefania $0526757 245 10$aAnalisi e confronto dell'attivitą amministrativa dei Dipartimenti dell'Universitą degli Studi di Lecce :$bindagine pilota /$cStefania Protopapa, Domenico Laforgia 260 $aLecce :$bPensa MultiMedia Editore,$c2001 300 $a133 p. ;$c24 cm 500 $aIn testa al front.: Regione Puglia; Universitą degli Studi di Lecce; FSE, Fondo Sociale Europeo 504 $aInclude riferimenti bibliografici 650 4$aUniversitą$zItalia$xAmministrazione 700 1 $aLaforgia, Domenico$eauthor$4http://id.loc.gov/vocabulary/relators/aut$0301726 907 $a.b13281963$b02-04-14$c22-02-05 912 $a991000846809707536 945 $aLE026 378 PRO 01.01 2001$g1$i2026000027043$lle026$og$pE10.00$q-$rl$s- $t4$u0$v0$w0$x0$y.i14227599$z27-04-06 945 $aLE002 378 PRO$g1$lle002$o-$pE0.00$q-$rl$s- $t0$u0$v0$w0$x0$y.i14690998$z11-03-08 945 $aLE013 62-XX PRO21 (2001)$g1$i2013000213033$lle013$og$pE10.00$q-$rl$s- $t0$u0$v0$w0$x0$y.i15206312$z03-12-10 945 $aLE027 378.00 PRO01.01$g1$lle027$og$pE10.00$q-$rl$s- $t0$u0$v0$w0$x0$y.i14011736$z22-02-05 945 $aLE023 378 PRO 1 1 $g1$i2023000100080$lle023$o-$pE10.00$q-$rl$s- $t0$u0$v0$w0$x0$y.i14648519$z15-01-08 996 $aAnalisi e confronto dell'attivitą amministrativa dei Dipartimenti dell'Universitą degli Studi di Lecce$91461082 997 $aUNISALENTO 998 $ale026$ale002$ale013$ale027$ale023$b22-02-05$cm$da $e-$fita$git $h0$i4 LEADER 01607nas 2200385 n 450 001 990008914800403321 005 20240229084332.0 011 $a0005-1179 035 $a000891480 035 $aFED01000891480 035 $a(Aleph)000891480FED01 035 $a000891480 091 $2CNR$aP 00001513 100 $a20161109a19569999km-y0itaa50------ba 101 0 $aeng 102 $aUS 110 $aauu-------- 200 1 $aAutomation and remote control 207 1$a1956- 210 $aNew York$cConsultants Bureau 452 0$12001$aAutomation and remote control 530 0 $aAutomation and remote control 675 $a621-52 676 $a629.8/05 801 0$aIT$bACNP$c20090723 859 4 $uhttp://acnp.cib.unibo.it/cgi-ser/start/it/cnr/dc-p1.tcl?catno=817&person=false&language=ITALIANO&libr=&libr_th=unina1$zBiblioteche che possiedono il periodico 901 $aSE 912 $a990008914800403321 958 $aBiblioteca Centrale "F. Gasparini". Facoltą di Ingegneria. Universitą degli Studi di Napoli "Federico II"$b1964-1967;$edVIf1$fFINBC FINAG 959 $aFINBC 959 $aFINAG 996 $aAutomation and remote control$9799843 997 $aUNINA AP1 8 $6866-01$aNA104 Biblioteca Centrale "F. Gasparini". Facoltą di Ingegneria. Universitą degli Studi di Napoli "Federico II"$bdVIf1$ep.le Tecchio,80, 80125 Napoli (NA)$m0817682190;0817682195$m0817682188$nit AP2 40$aacnp.cib.unibo.it$nACNP Italian Union Catalogue of Serials$uhttp://acnp.cib.unibo.it/cgi-ser/start/it/cnr/df-p.tcl?catno=817&language=ITALIANO&libr=&person=&B=1&libr_th=unina&proposto=NO